| 000 | 01308cab a2200265 4500 | ||
|---|---|---|---|
| 001 | ABS56571 | ||
| 008 | 090401t1997 xxu||||| |||| 00| 0 eng d | ||
| 035 | _a(Sirsi) u24604 | ||
| 041 | _aeng | ||
| 245 | _aBarrett v Mole Valley DC | ||
| 260 | _c1997 | ||
| 350 | _a0 | ||
| 490 |
_aEstates Gazette _v[1997] 08 EG 144-145(2) |
||
| 520 | _aLT 8 May 1996. B had applied to the tribunal for determination of compensation payable following the revocation of planning permission to use B`s land for 28 days in each year for clay pigeon shooting. Claimant`s valuation ranged up to £221,000, compensating authority contended compensation should be nil. Costs to be determined by LT. "Held" B entitled to costs of the reference and of the hearing of the application for costs. Claimant not entitled to any increase in costs attributable to the delay in providing details between 1990 and 1993. | ||
| 650 | _aBARRETT V MOLE VALLEY DC | ||
| 650 | _aCLAY PIGEON SHOOTING | ||
| 650 | _aCOMPENSATION | ||
| 650 | _aLAND COMPENSATION ACT 1961 | ||
| 650 | _aPLANNING PERMISSION | ||
| 650 | _aREVOCATION | ||
| 650 | _aTOWN AND COUNTRY PLANNING ACT 1990 S108 | ||
| 690 | _aENVIRONMENTAL AND LAND CONSULTANCY-PLANNING AND DEVELOPMENT-COMPULSORY PURCHASE AND COMPENSATION | ||
| 942 | _n0 | ||
| 948 | _c04/03/1997 | ||
| 999 |
_c16506 _d16506 |
||